Manipal Manual of Anatomy for Allied Health Science Courses (Record no. 156278)

MARC details
000 -LEADER
fixed length control field 00431nam a2200145Ia 4500
008 - FIXED-LENGTH DATA ELEMENTS--GENERAL INFORMATION
fixed length control field 230411s9999 xx 000 0 und d
020 ## - INTERNATIONAL STANDARD BOOK NUMBER
International Standard Book Number 81-239-1403-2
041 ## - LANGUAGE CODE
Language code of text/sound track or separate title eng
082 ## - DEWEY DECIMAL CLASSIFICATION NUMBER
Classification number A/611/MAD/B05792
100 ## - MAIN ENTRY--PERSONAL NAME
Personal name Madhyastha Sampath
9 (RLIN) 178728
245 ## - TITLE STATEMENT
Title Manipal Manual of Anatomy for Allied Health Science Courses
260 ## - PUBLICATION, DISTRIBUTION, ETC. (IMPRINT)
Name of publisher, distributor, etc. CBS Publishers & Distributors
Place of publication, distribution, etc. New Delhi
Date of publication, distribution, etc. 2007
300 ## - PHYSICAL DESCRIPTION
Extent 463p
Holdings
Withdrawn status Lost status Damaged status Not for loan Collection code Home library Current library Date acquired Vendor Cost, normal purchase price Bill number Total Checkouts Full call number Barcode Date last seen Date last checked out Cost, replacement price Bill Date Koha item type Original Barcode Total Renewals
          Smt. Bakul Tambat Institute of Nursing Education Smt. Bakul Tambat Institute of Nursing Education 10/11/2009 CBS Publishers / 520.00 IN2605 3 A 611 MAD B05792 BTIN-BK-5792 08/08/2023 07/08/2023 390.00 10/11/2009 Books B05792  
      Reference   Smt. Bakul Tambat Institute of Nursing Education Smt. Bakul Tambat Institute of Nursing Education 14/03/2020 Patil Medical Book House 749.00 IN2605   611 MAD B09333 BTIN-BK-9333 11/04/2023   509.32 10/11/2009 Books B09333  
          Smt. Bakul Tambat Institute of Nursing Education Smt. Bakul Tambat Institute of Nursing Education 14/03/2020 Patil Medical Book House 749.00 IN2605 11 611 MAD B09334 BTIN-BK-9334 17/06/2025 11/06/2025 509.32 10/11/2009 Books B09334 4
          Smt. Bakul Tambat Institute of Nursing Education Smt. Bakul Tambat Institute of Nursing Education 14/03/2020 Patil Medical Book House 749.00 IN2605 17 611 MAD B09335 BTIN-BK-9335 18/06/2025 11/06/2025 509.32 10/11/2009 Books B09335 6